| 000 | 00353nam a2200121Ia 4500 | ||
|---|---|---|---|
| 008 | 231228s2002 xx 000 0 und d | ||
| 041 | _aeng | ||
| 082 |
_a658.4`012 _bCOL |
||
| 100 | _aCOLLEY (John)/ DOYLE (Jacqueline) | ||
| 245 | _aCorporate Strategy | ||
| 260 |
_aNew Delhi _bTata McGraw-Hil Publication Company Limited . Delhi _c2002 |
||
| 300 | _a255 | ||
| 999 |
_c1088817 _d1088817 |
||